Statistics for Maisie Peters - Volcano

Click here to take the quiz!

General Stats

  • This quiz has been taken 10 times
  • The average score is 378 of 384

Answer Stats

Answer% Correct
a
100%
All
100%
and
100%
And
100%
as
100%
away
100%
be
100%
bridge
100%
burnt
100%
but
100%
came
100%
chose
100%
cool
100%
cry
100%
death
100%
did,
100%
did
100%
done
100%
drown
100%
finished
100%
friends
100%
girl
100%
got
100%
ground
100%
hope
100%
I
100%
I’ll
100%
I’m
100%
“I’m
100%
In
100%
in
100%
is
100%
it
100%
it,
100%
just
100%
livid
100%
lot
100%
no,
100%
no
100%
nothing
100%
nothing,
100%
of
100%
Oh
100%
oh
100%
Oh,
100%
or
100%
out
100%
parachute
100%
pulled
100%
Pulled
100%
river
100%
rushing
100%
said,
100%
said
100%
shit
100%
So
100%
still
100%
stood
100%
sudden
100%
the
100%
then
100%
there
100%
there,
100%
there’s
100%
Thought
100%
throw
100%
turns
100%
volcano,
100%
way
100%
when
100%
with
100%
With
100%
world
100%
yeah,
100%
yeah
100%
You
100%
you
100%
your
100%
baby,
83%
Bet
83%
birthday
83%
bit
83%
bluffing
83%
crossed
83%
happy
83%
I’d
83%
lip
83%
my
83%
sat
83%
say
83%
silence
83%
sky
83%
wished
83%
birds
67%
eyes
67%
felt
67%
girls
67%
sorry,”
67%

Score Distribution

Percentile by Number Answered

Percent of People with Each Score

Your Score History

You have not taken this quiz